000 00421pab a2200169 454500
008 180718b2009 xxu||||| |||| 00| 0 eng d
100 _aDasgupta, Abhijit
245 _aOn the margins: muslims in West Bengal
260 _c2009
300 _ap.91-96.
362 _a18 Apr
650 _aMuslims - India - West Bengal
650 _aMuslims
773 _aEconomic and Political Weekly
908 _aN
909 _a82072
999 _c82072
_d82072